Residències de persones grans : respostes a les teves preguntes respostes a les teves preguntes
Publicado:
Barcelona :
Diputació de Barcelona. Àrea d'Atenció a les Persones. Servei de Suport a les Polítiques de Consum ,
2014
Descripción Física:
1 tríptic : il. ; 21 cm
MARC
| LEADER | 00000nam a2200000Ia 4500 | ||
|---|---|---|---|
| 001 | 24113 | ||
| 008 | 160829s2014 xx 000 0 cat d | ||
| 080 | |a FU-64-57 | ||
| 245 | |a Residències de persones grans : |b respostes a les teves preguntes | ||
| 260 | |a Barcelona : |b Diputació de Barcelona. Àrea d'Atenció a les Persones. Servei de Suport a les Polítiques de Consum, |c 2014 | ||
| 300 | |a 1 tríptic : |b il. ; |c 21 cm | ||
| 650 | |a Residències de persones grans |x Barcelona (província) |9 50367 | ||
| 650 | 0 | |a Persones grans |z Barcelona (Província) |x Protecció, assistència, etc. |9 50368 | |
| 710 | 1 | |a Barcelona (Catalunya : Província). |b Servei de Suport a les Polítiques de Consum |9 52739 | |
| 856 | |u www.diba.cat/consum | ||
| 901 | |a Arxiu | ||
| 942 | |n 1 | ||
| 952 | |0 0 |1 0 |4 0 |6 FU6457 |7 1 |9 55992 |a Arxiu |b Arxiu |d 2016-12-01 |l 0 |o FU-64-57 |p 24113 |r 2016-12-01 00:00:00 |w 2016-12-01 |y ARXIU | ||
| 999 | |c 59866 |d 59866 | ||